Normal view MARC view

Entry Personal Name

Number of records used in: 1

001 - CONTROL NUMBER

  • control field: 3149

003 - CONTROL NUMBER IDENTIFIER

  • control field: TZ-ArACH

005 - DATE AND TIME OF LATEST TRANSACTION

  • control field: 20111021124623.0

008 - FIXED-LENGTH DATA ELEMENTS

  • fixed length control field: 111021|||a|||||| | ||| d

040 ## - CATALOGING SOURCE

  • Original cataloging agency: TZ-ArACH
  • Transcribing agency: TZ-ArACH

100 ## - HEADING--PERSONAL NAME

  • Personal name: Sieghart, Paul
  • Dates associated with a name: (1927-....).
  • Relator term: Auteur.

670 ## - SOURCE DATA FOUND

  • Source citation: Work cat.: (TZ-ArACH)1452: Sieghart, Paul (1927-....). Auteur., The international law of human rights, cop. 1983.

670 ## - SOURCE DATA FOUND

  • Source citation: Work cat.: (TZ-ArACH)1452: Sieghart, Paul (1927-....). Auteur., The international law of human rights, cop. 1983.

African Court on Human and Peoples' Rights | For Inquiries Contact » +255 272 510 510